000 00306nam a22001337a 4500
008 170606b xxu||||| |||| 00| 0 eng d
020 _a9780521587648
041 _aeng
080 _a93
100 _a18
101 _aSHH
245 _aALONG THE DOMESTIC-FOREIGN FRONTIER
_cROSENAN, J.N
942 _2udc
_cBK
999 _c16130
_d16130